| 000 | 00846nac a22002297a 4500 | ||
|---|---|---|---|
| 001 | BR7375245 | ||
| 003 | BR-BrBNA | ||
| 005 | 20240105113726.0 | ||
| 008 | 230509b bl.|||m| |||| 00| 0 por d | ||
| 040 |
_aBR-BrBNA _bpor _cBiblioteca Nacional de Agricultura |
||
| 072 | _aE50 | ||
| 090 | _aE50 BR7375245 | ||
| 110 | 1 |
_aConfederacao Nacional dos Trabalhadores na Agricultura, Rio de Janeiro, GB (Brasil) _92544 |
|
| 245 | 1 | _aRelatorio trienal 1968, 1969, 1970 [Confederacao Nacional dos Trabalhadores na Agricultura; Brasil] | |
| 260 | 3 |
_aRio de Janeiro, GB (Brasil): _c1971. |
|
| 300 | _a27 p. | ||
| 490 |
_aRelatorio Trienal - Confederacao Nacional dos Trabalhadores na Agricultura (Brazil) _v _x |
||
| 650 | _aTRABALHADOR RURAL | ||
| 650 | _aASSOCIACAO RURAL | ||
| 909 |
_a202312 _bLúcia Elande _c55 _dLúcia Elande |
||
| 942 |
_2AGRIS _n0 _cMS |
||
| 999 |
_c265194 _d265194 |
||